000
00309nam a2200133Ia 4500
008
221030s9999 xx 000 0 und d
041
_a
English
082
_a
105.23
100
_a
Eshan-Ul-Haq-Mir/1
245
0
_a
ROBOTICS WITH ARTIFICIAL INTELLIGENCE
260
_a
Jammu
_c
1999
650
_a
ECE
942
_c
TH
999
_c
834
_d
834